| 000 | 01029pam a2200301 a 4500 | ||
|---|---|---|---|
| 999 |
_c29196 _d29167 |
||
| 001 | 013185130 | ||
| 003 | EG-ScBUE | ||
| 005 | 20210615115743.0 | ||
| 008 | 050421t2005 njua f b 001 0 eng d | ||
| 020 | _a0471749427 (pbk.) | ||
| 040 |
_aStDuBDS _dUk _beng _erda _cEG-ScBUE _dEG-ScBUE |
||
| 082 | 0 | 4 |
_a621.3815324 _bZVE _222 |
| 100 | 1 |
_aZverev, Anatol I., _eauthor. |
|
| 245 | 1 | 0 |
_aHandbook of filter synthesis / _cAnatol I. Zverev, consulting engineer, Westinghouse Electric Corporation. |
| 264 | 1 |
_aHoboken, New Jersey : _bJohn Wiley & Sons, Inc., _c[2005] |
|
| 264 | 4 | _cc2005 | |
| 300 |
_axii, 576 pages : _billustrations ; _c28 cm |
||
| 336 |
_atext _2rdacontent _btxt |
||
| 337 |
_aunmediated _2rdamedia _bn |
||
| 338 |
_avolume _2rdacarrier _bnc |
||
| 500 |
_aFormerly CIP. _5Uk |
||
| 504 | _aIncludes bibliographical references and index. | ||
| 650 | 7 |
_aElectric filters. _2BUEsh |
|
| 653 |
_bENGELC _cJune2021 |
||
| 655 |
_vReading book _934232 |
||
| 942 |
_2ddc _cBB |
||